Methods and materials for teaching the biological sciences

Đã lưu trong:
书目详细资料
主要作者: david F Miller
格式: 图书
语言:Undetermined
出版: New York McGraw-Hill 1962
主题:
标签: 添加标签
没有标签, 成为第一个标记此记录!
Thư viện lưu trữ: Trung tâm Học liệu Trường Đại học Cần Thơ
LEADER 00628nam a2200193Ia 4500
001 CTU_3468
008 210402s9999 xx 000 0 und d
020 |b ?PL: Đề nghị chuyển số PL 574.028 về số PL 574.07 (CH) 
082 |a 574.07 
082 |b M647 
100 |a david F Miller 
245 0 |a Methods and materials for teaching the biological sciences 
245 0 |c david F Miller 
260 |a New York 
260 |b McGraw-Hill 
260 |c 1962 
650 |a biology - study and teaching 
904 |i Nguyễn Quang Điền, 960601 
980 |a Trung tâm Học liệu Trường Đại học Cần Thơ